000 00310nam a2200145Ia 4500
100 _aWyatt/Allen & others
942 _cBK
654 _aMS-DOS 6.2
245 _aUsing MS-DOS 6.2
260 _bPrentice -Hall
_aNew Delhi
_c1996
082 _a5.43
_bWYA
300 _a1115
546 _aENGLISH
999 _c21073
_d21073